¡Acabemos ya con esta crisis! (Registro nro. 5102)
[ vista simple ]
| 000 -LEADER | |
|---|---|
| fixed length control field | 01270 a2200253 4500 |
| 001 - CONTROL NUMBER | |
| control field | 53120 |
| 005 - DATE AND TIME OF LATEST TRANSACTION | |
| control field | 20260407155805.0 |
| 008 - FIXED-LENGTH DATA ELEMENTS--GENERAL INFORMATION | |
| fixed length control field | 260407a2012 arg spa d |
| 003 - CONTROL NUMBER IDENTIFIER | |
| control field | AR-UNSa-BCEJYS |
| 040 ## - CATALOGING SOURCE | |
| Original cataloging agency | AR-UNSa-BCEJYS |
| Language of cataloging | spa |
| Transcribing agency | AR-UNSa-BCEJYS |
| 080 ## - UNIVERSAL DECIMAL CLASSIFICATION NUMBER | |
| Universal Decimal Classification number | 338.12 |
| Common auxiliary subdivision | Movimientos cíclicos en la economía. Ciclo de comercio. Ciclo de negocios. Expansión y contracción de la actividad económica |
| 020 ## - INTERNATIONAL STANDARD BOOK NUMBER | |
| International Standard Book Number | 978-987-9317-34-1 |
| 041 ## - LANGUAGE CODE | |
| Language code of text/sound track or separate title | spa |
| 100 1# - MAIN ENTRY--PERSONAL NAME | |
| Personal name | Krugman, Paul R. |
| 245 10 - TITLE STATEMENT | |
| Title | ¡Acabemos ya con esta crisis! |
| 264 #1 - PRODUCTION, PUBLICATION, DISTRIBUTION, MANUFACTURE, AND COPYRIGHT NOTICE | |
| Place of production, publication, distribution, manufacture | Barcelona : |
| Name of producer, publisher, distributor, manufacturer | Crítica |
| Date of production, publication, distribution, manufacture, or copyright notice | 2012 |
| 300 ## - PHYSICAL DESCRIPTION | |
| Extent | 264 p. |
| Dimensions | 23 cm. |
| 505 ## - FORMATTED CONTENTS NOTE | |
| Formatted contents note | 1. ¿Cuán mal están las cosas? - 2. Economía de la depresión - 3. El momento de Minsky - 4. Banqueros que se vuelven locos - 5. La segunda edad de oro - 6. Economía de la edad oscura - 7. Anatomía de una respuesta inadecuada - 8. Pero ¿y el déficit? - 9. Inflación:la amenaza fantasma - 10. Eurodammerung:el crepúsculo del euro - 11. "Austeríacos" - 12. Lo que hará falta" - 13. ¡Acabad con esta depresión! |
| 590 ## - LOCAL NOTE (RLIN) | |
| Local note | niveau_biblio:m niveau_hierar:0 |
| 700 1# - ADDED ENTRY--PERSONAL NAME | |
| Personal name | Belza, Cecilia |
| 700 1# - ADDED ENTRY--PERSONAL NAME | |
| Personal name | García, Gonzalo |
| 856 41 - ELECTRONIC LOCATION AND ACCESS | |
| Uniform Resource Identifier | <a href="https://biblioeco.unsa.edu.ar/pmb/images/libros/L128525.jpg">https://biblioeco.unsa.edu.ar/pmb/images/libros/L128525.jpg</a> |
| Link text | Imagen de portada |
| Electronic format type | image/jpeg |
| 942 ## - ADDED ENTRY ELEMENTS (KOHA) | |
| Koha item type | |
| Withdrawn status | Lost status | Damaged status | Not for loan | Home library | Current library | Shelving location | Date acquired | Total checkouts | Full call number | Barcode | Date last seen | Price effective from | Koha item type |
|---|---|---|---|---|---|---|---|---|---|---|---|---|---|
| Biblioteca Prof. Eusebio Cleto del Rey | Biblioteca Prof. Eusebio Cleto del Rey | 07/04/2026 | 338.12 K94 | L128525 | 07/04/2026 | 07/04/2026 | Libro |